000 00521nam a2200169Ia 4500
008 100122s9999 xx 000 0 und d
082 _b75102
_a823
100 _aगार्डनर अर्ल स्टन्ले
245 _aब्लॅक मेलरचा डाव
250 _a1
260 _c2008
300 _a216
630 _aब्लॅक मेलरचा डाव
700 _aभावे अपर्णा
730 _aब्लॅक मेलरचा डाव
942 _cBOOK
999 _c391154
_d391151